000 00763nam a2200217 i 4500
001 bgj
100 1 _aMÜLLER, Gerd.
245 1 0 _aDichtung und Wissenschaft :
_bStudien zu Robert Musils Romanen "Die Verwirrungen des Zöglings Törless" und "Der Mann ohne Eigenschaften" /
_cvon Gerd Müller.
260 _aUppsala :
_bAlmquist und Wiksells,
_c1971.
300 _a249 s. ;
_c25 cm.
490 1 _aActa Universitatis Upsaliensis
_pStudia Germanistica Upsaliensia
_v7
504 _aBibliogr. s. 242-249.
650 9 _aLiteratura niemiecka
830 _aActa Universitatis Upsaliensis
_pStudia Germanistica Upsaliensia
040 _cBPK
041 0 _ager
044 _aDEU
080 _a821.112.2
942 _cKS
008 s gw f |000 0 ger
999 _c50415
_d50415
856 _uhttp://koha.tu.koszalin.pl/cgi-bin/koha/opac-detail.pl?biblionumber=50415
_yKatalog online BPK